City & Colour Songs By Album - Statistics

General Stats
  • This quiz has been taken 17 times
    2 since last reset
  • The average score is 20 of 79
Answer Stats
Album No. Answer % Correct
Sometimes 3 Hello, I'm In Delaware
100%
If I Should Go Before You 1 Woman
100%
Bring Me Your Love 12 As Much As I Ever Could
50%
A Pill for Lonliness 2 Astronaut
50%
Bring Me Your Love 4 Body in a Box
50%
Sometimes 9 Casey's Song
50%
Sometimes 8 Comin' Home
50%
Bring Me Your Love 2 Confessions
50%
Little Hell 5 Fragile Bird
50%
If I Should Go Before You 10 Friends
50%
The Love Still Held Me Near 3 Fucked It Up
50%
The Hurry and the Harm 2 Harder Than Stone
50%
Sometimes 5 In the Water, I Am Beautiful
50%
Sometimes 2 Like Knives
50%
Little Hell 4 Little Hell
50%
If I Should Go Before You 8 Lover Come Back
50%
If I Should Go Before You 9 Map of the World
50%
If I Should Go Before You 3 Mizzy C
50%
Little Hell 2 Natural Disaster
50%
If I Should Go Before You 2 Northern Blues
50%
Little Hell 6 Northern Wind
50%
The Hurry and the Harm 3 Of Space and Time
50%
Little Hell 7 O' Sister
50%
If I Should Go Before You 7 Runaway
50%
Sometimes 4 Save Your Scissors
50%
Little Hell 10 Silver and Gold
50%
Sometimes 10 Sometimes (I Wish)
50%
Bring Me Your Love 3 The Death of Me
50%
Bring Me Your Love 10 The Girl
50%
The Hurry and the Harm 11 The Golden State
50%
Little Hell 3 The Grand Optimist
50%
The Hurry and the Harm 1 The Hurry and the Harm
50%
The Hurry and the Harm 8 Two Coins
50%
Bring Me Your Love 7 Waiting...
50%
If I Should Go Before You 6 Wasted Love
50%
Little Hell 1 We Found Each Other In The Dark
50%
Little Hell 8 Weightless
50%
The Love Still Held Me Near 7 After Disaster
0%
Bring Me Your Love 9 Against The Grain
0%
The Love Still Held Me Near 5 A Little Mercy
0%
The Love Still Held Me Near 12 Begin Again
0%
If I Should Go Before You 11 Blood
0%
The Love Still Held Me Near 11 Bow Down to Love
0%
The Hurry and the Harm 6 Commentators
0%
Bring Me Your Love 8 Constant Knot
0%
Sometimes 6 Day Old Hate
0%
The Hurry and the Harm 12 Death's Song
0%
A Pill for Lonliness 4 Difficult Love
0%
Bring Me Your Love 1 Forgive Me
0%
The Love Still Held Me Near 9 Hard, Hard Time
0%
Little Hell 11 Hope For Now
0%
If I Should Go Before You 4 If I Should Go Before You
0%
A Pill for Lonliness 3 Imagination
0%
If I Should Go Before You 5 Killing Time
0%
The Hurry and the Harm 10 Ladies and Gentlemen
0%
A Pill for Lonliness 11 Lay Me Down
0%
A Pill for Lonliness 1 Living in Lightning
0%
A Pill for Lonliness 5 Me and the Moonlight
0%
The Love Still Held Me Near 1 Meant to Be
0%
A Pill for Lonliness 6 Mountain of Madness
0%
Sometimes 1 ...Off By Heart
0%
The Hurry and the Harm 5 Paradise
0%
Sometimes 7 Sam Malone
0%
Bring Me Your Love 11 Sensible Heart
0%
Bring Me Your Love 5 Sleeping Sickness
0%
A Pill for Lonliness 7 Song of Unrest
0%
Little Hell 9 Sorrowing Man
0%
A Pill for Lonliness 8 Strangers
0%
The Hurry and the Harm 9 Take Care
0%
The Hurry and the Harm 4 The Lonely Life
0%
The Love Still Held Me Near 4 The Love Still Held Me Near
0%
A Pill for Lonliness 9 The War Years
0%
The Love Still Held Me Near 10 The Water is Coming
0%
The Love Still Held Me Near 6 Things We Choose To Care About
0%
The Hurry and the Harm 7 Thirst
0%
The Love Still Held Me Near 2 Underground
0%
Bring Me Your Love 6 What Makes A Man?
0%
The Love Still Held Me Near 8 Without Warning
0%
A Pill for Lonliness 10 Young Lovers
0%
No matching quizzes found
Score Distribution
Percent of People with Each Score
Percentile by Number Answered
Your Score History
You have not taken this quiz since the last reset